Statistics for Top 10 Women

Click here to take the quiz!

General Stats

  • This quiz has been taken 7 times
  • The average score is 4 of 10

Answer Stats

RankAnswer% Correct
8Marie Curie
71%
1Amelia Earhart
57%
9Michelle Obama
57%
10My mom
43%
7Ana Brnabic
29%
6Anna Faris
29%
2Doja Cat
29%
3Lana Wachowski
29%
4Nancy Drew
29%
5Renee Zellweger
29%

Score Distribution

Percentile by Number Answered

Percent of People with Each Score

Your Score History

You have not taken this quiz